Maillots de la Ligue 1 saison 2025/26 - Statistiques

Statistiques générales
  • Ce quiz a été pris 115 fois
  • Le résultat moyen est 17 sur 18
Statistiques - réponses
Par images Réponse % Correct
Paris SG
99%
SCO Angers
99%
AS Monaco
98%
RC Lens
98%
RC Toulouse
98%
Stade Rennais
98%
FC Nantes
96%
Olympique de Marseille
96%
Olympique Lyonnais
96%
FC Metz
95%
OGC Nice
95%
RC Strasbourg
95%
FC Lorient
93%
Le Havre SC
91%
Stade Brestois
91%
AJ Auxerre
85%
LOSC Lille
85%
Paris FC
84%
Aucun quiz correspondant
Distribution des résultats
% des personnes avec chaque résultat
Percentile par nombre de réponses
Votre historique - résultats
Vous n’avez pas pris ce quiz